Просветительская роль экрана. Голливуд и культурная реконструкция в побежденной Японии (Запись № 13425927)

Подробности
000 -МАРКЕР
контрольное поле 02900nam0a2200457 4500
001 - ИДЕНТИФИКАТОР ЗАПИСИ
контрольное поле RU\NLR\BIBL_A\022459185
005 - ИДЕНТИФИКАТОР ВЕРСИИ
контрольное поле 20250609173659.0
010 ## - МЕЖДУНАРОДНЫЙ СТАНДАРТНЫЙ НОМЕР КНИГИ (ISBN)
Номер (ISBN) 978-8-887199-03-0
Уточнения Academic Studies Press
010 ## - МЕЖДУНАРОДНЫЙ СТАНДАРТНЫЙ НОМЕР КНИГИ (ISBN)
Номер (ISBN) 978-5-907767-92-8
Уточнения Библиороссика
Тираж 150
021 ## - НОМЕР ГОСУДАРСТВЕННОЙ РЕГИСТРАЦИИ
Код страны Российская Федерация
Номер КН-П-24-083144
Номер Листа государственной регистраци КН-П-24-8285
035 ## - ДРУГИЕ СИСТЕМНЫЕ НОМЕРА
Идентификатор записи (NLR Aleph) 022459185
100 ## - ДАННЫЕ ОБЩЕЙ ОБРАБОТКИ
Данные общей обработки 20250217d2024 k y0rusy50 ca
101 1# - ЯЗЫК РЕСУРСА
Язык текста, звукозаписи и т.д. русский
Язык оригинала английский
102 ## - СТРАНА ПУБЛИКАЦИИ ИЛИ ПРОИЗВОДСТВА
Страна публикации Соединенные Штаты Америки
-- Российская Федерация
105 ## - ПОЛЕ КОДИРОВАННЫХ ДАННЫХ: ТЕКСТОВЫЕ МАТЕРИАЛЫ, МОНОГРАФИЧЕСКИЕ
Кодированные данные о монографическом текстовом документе c z 001yy
181 #0 - ПОЛЕ КОДИРОВАННЫХ ДАННЫХ: ВИД СОДЕРЖАНИЯ
Код вида содержания (ISBD) i
Код характеристики содержания (ISBD) xxxe
182 #0 - ПОЛЕ КОДИРОВАННЫХ ДАННЫХ: ТИП СРЕДСТВА
Код типа средства (ISBD) n - непосредственное
200 1# - ЗАГЛАВИЕ И СВЕДЕНИЯ ОБ ОТВЕТСТВЕННОСТИ
Основное заглавие Просветительская роль экрана. Голливуд и культурная реконструкция в побежденной Японии
Первые сведения об ответственности Хироси Китамура
Последующие сведения об ответственности перевод с английского Анастасии Леон
203 ## - ВИД СОДЕРЖАНИЯ И ТИП СРЕДСТВА
Вид содержания Текст
Дополнительные сведения об издании визуальный
Тип средства непосредственный
210 ## - ПУБЛИКАЦИЯ, РАСПРОСТРАНЕНИЕ И ДР.
Место издания, распространения и т.д. Бостон
Имя издателя, распространителя и т. д. Academic Studies Press
Место издания, распространения и т.д. Санкт-Петербург
Имя издателя, распространителя и т. д. Библиороссика
Дата издания, распространения и т.д. 2024
215 ## - ФИЗИЧЕСКАЯ ХАРАКТЕРИСТИКА
Специфическое обозначение материала и объем 372, [1] с.
Другие сведения о физической характеристике портр.
Размеры 22
225 1# - СЕРИЯ
Основное заглавие серии Современное востоковедение
300 ## - ОБЩИЕ ПРИМЕЧАНИЯ
Текст примечания Пер. изд.: Screening Enlightenment. Hollywood and the Cultural Reconstruction of Defeated Japan / Hiroshi Kitamura. Ithaca / London : Cornell University Press, 2010
320 ## - ПРИМЕЧАНИЯ О НАЛИЧИИ В ДОКУМЕНТЕ БИБЛИОГРАФИИ / УКАЗАТЕЛЯ
Текст примечания Библиогр.: с. 330–353 и в подстроч. примеч.
320 ## - ПРИМЕЧАНИЯ О НАЛИЧИИ В ДОКУМЕНТЕ БИБЛИОГРАФИИ / УКАЗАТЕЛЯ
Текст примечания Предм.-имен. указ.: с. 354–367
320 ## - ПРИМЕЧАНИЯ О НАЛИЧИИ В ДОКУМЕНТЕ БИБЛИОГРАФИИ / УКАЗАТЕЛЯ
Текст примечания Указ. фильмов: с. 368–372
333 ## - ПРИМЕЧАНИЯ ОБ ОСОБЕННОСТЯХ РАСПРОСТРАНЕНИЯ И ИСПОЛЬЗОВАНИЯ
Текст примечания 12+
454 #0 - ОРИГИНАЛ (ПЕРЕВОДА)
Встроенное поле 2001#$aScreening Enlightenment. Hollywood and the Cultural Reconstruction of Defeated Japan$fHiroshi Kitamura
-- 210##$aIthaca$aLondon$cCornell University Press$d2010
-- 700#1$aKitamura$bH.$cисторик кино$f1971-$gHiroshi$3RU\NLR\AUTH\770280829
Заглавие Screening Enlightenment. Hollywood and the Cultural Reconstruction of Defeated Japan
Автор Kitamura, Hiroshi (историк кино ; 1971-)
517 1# - ДРУГИЕ ВАРИАНТЫ ЗАГЛАВИЯ
Вариант заглавия Голливуд и культурная реконструкция в побежденной Японии
601 02 - НАИМЕНОВАНИЕ ОРГАНИЗАЦИИ КАК ПРЕДМЕТ
Начальный элемент ввода Голливуд (корпорация)
Идентифицирующий признак Лос-Анджелес, город; США
Системный номер авторитетной/нормативной записи 2247472
Идентификатор авторитетной/нормативной записи RU\NLR\AUTH\661348267
606 1# - НАИМЕНОВАНИЕ ТЕМЫ КАК ПРЕДМЕТ
Наименование темы Киноискусство
Тематический подзаголовок Связи
-- Киноискусство
Географический подзаголовок Соединенные Штаты Америки
-- Япония
Системный номер авторитетной/нормативной записи 2367990
Идентификатор авторитетной/нормативной записи RU\NLR\AUTH\6601635530
606 1# - НАИМЕНОВАНИЕ ТЕМЫ КАК ПРЕДМЕТ
Наименование темы Киноискусство
Тематический подзаголовок Связи
-- Киноискусство
Географический подзаголовок Япония
-- Соединенные Штаты Америки
Системный номер авторитетной/нормативной записи 2367991
Идентификатор авторитетной/нормативной записи RU\NLR\AUTH\6601635531
686 1# - ИНДЕКСЫ ДРУГИХ КЛАССИФИКАЦИЙ
Индекс Щ373(7США)л7
686 1# - ИНДЕКСЫ ДРУГИХ КЛАССИФИКАЦИЙ
Индекс Щ373(7США)6-183
686 1# - ИНДЕКСЫ ДРУГИХ КЛАССИФИКАЦИЙ
Индекс Щ373(5Я)6-183
700 #1 - ИМЯ ЛИЦА - ПЕРВИЧНАЯ ОТВЕТСТВЕННОСТЬ
Графика поля Кириллица
Материалы, к которым относится поле rus
Начальный элемент ввода Китамура
Часть имени, кроме начального элемента ввода Х.
Дополнения к именам, кроме дат историк кино
Даты 1971-
Расширение инициалов личного имени Хироси
Системный номер авторитетной/нормативной записи 2652795
Идентификатор авторитетной/нормативной записи RU\NLR\AUTH\770280828
942 ## - ДОПОЛНИТЕЛЬНЫЕ ЭЛЕМЕНТЫ ЗАПИСИ (АБИС)
Тип экземпляра АБИС Книга
980 ## - КОЛЛЕКЦИЯ
Название коллекции Национальная библиография

Нет доступных экземпляров.